Clavier QWERTZ - Statistiques

Statistiques générales
  • Ce quiz a été pris 221 fois
  • Le résultat moyen est 17 sur 29
Statistiques - réponses
Lettre % Correct
Q
100%
E
99%
R
99%
T
99%
W
99%
U
86%
Z
86%
I
85%
O
85%
P
85%
A
57%
S
56%
D
55%
F
54%
G
54%
H
54%
J
54%
K
53%
L
52%
C
39%
V
38%
X
37%
B
36%
N
36%
M
32%
Y
22%
Ü
12%
Ö
6%
Ä
5%
Aucun quiz correspondant
Distribution des résultats
% des personnes avec chaque résultat
Percentile par nombre de réponses
Votre historique - résultats
Vous n’avez pas pris ce quiz